Finančné deriváty ako predmet účtovníctva podnikateľov

Pokračovanie príspevku z predchádzajúceho čísla. Forwardy, futurity a opcie. Zložený finančný derivát. Prvotné a nasledujúce ocenenie derivátu. Účtovacie predpisy na účtovanie o derivátoch. Ilustračné príklady.

Gespeichert in:
Bibliographische Detailangaben
1. Verfasser: Šlosárová, Anna
Weitere Verfasser: Šlosár, Rudolf
Format: Buchkapitel
Sprache:Slowakisch
Schlagworte:
Tags: Tag hinzufügen
Keine Tags, Fügen Sie das erste Tag hinzu!

MARC

LEADER 00000naa$a2200000$$$4500
001 0046801
005 20240502071535.5
041 0 |a slo 
044 |a SK 
245 1 0 |a Finančné deriváty ako predmet účtovníctva podnikateľov  |c Anna Šlosárová, Rudolf Šlosár 
520 |a Pokračovanie príspevku z predchádzajúceho čísla. Forwardy, futurity a opcie. Zložený finančný derivát. Prvotné a nasledujúce ocenenie derivátu. Účtovacie predpisy na účtovanie o derivátoch. Ilustračné príklady. 
610 2 0 |a deriváty 
610 2 0 |a účtovníctvo podvojné 
610 2 0 |a podnikatelia 
610 2 0 |a futurity 
610 2 0 |a forwardy 
610 2 0 |a opcie 
610 2 0 |a swap 
100 1 |a Šlosárová, Anna 
700 1 |a Šlosár, Rudolf